Декабрь [1945 г. Репертуар (Запись № 66620)
[ простой вид ]
| 000 -МАРКЕР | |
|---|---|
| контрольное поле | 05676nam0a2200481 4500 |
| 001 - ИДЕНТИФИКАТОР ЗАПИСИ | |
| контрольное поле | RU\NLR\BIBL_A\011958726 |
| 005 - ИДЕНТИФИКАТОР ВЕРСИИ | |
| контрольное поле | 20250809113237.0 |
| 020 ## - НОМЕР ДОКУМЕНТА В НАЦИОНАЛЬНОЙ БИБЛИОГРАФИИ | |
| Код страны | российская федерация |
| Основное заглавие издания Российской книжной палаты | Ленинград в Великой Отечественной войне. Коллекция. Афиши |
| 035 ## - ДРУГИЕ СИСТЕМНЫЕ НОМЕРА | |
| Идентификатор записи | (NLR Aleph) 011958726 |
| 100 ## - ДАННЫЕ ОБЩЕЙ ОБРАБОТКИ | |
| Данные общей обработки | 20190313d1944 u y0rusy50 ca |
| 101 0# - ЯЗЫК РЕСУРСА | |
| Язык текста, звукозаписи и т.д. | русский |
| 102 ## - СТРАНА ПУБЛИКАЦИИ ИЛИ ПРОИЗВОДСТВА | |
| Страна публикации | российская федерация |
| 105 ## - ПОЛЕ КОДИРОВАННЫХ ДАННЫХ: ТЕКСТОВЫЕ МАТЕРИАЛЫ, МОНОГРАФИЧЕСКИЕ | |
| Кодированные данные о монографическом текстовом документе | a z 000zy |
| 135 ## - ПОЛЕ КОДИРОВАННЫХ ДАННЫХ: ЭЛЕКТРОННЫЕ РЕСУРСЫ | |
| Кодированные данные для электронного ресурса | crcn 024anaba |
| 200 1# - ЗАГЛАВИЕ И СВЕДЕНИЯ ОБ ОТВЕТСТВЕННОСТИ | |
| Основное заглавие | Декабрь [1945 г. Репертуар |
| Сведения, относящиеся к заглавию | афиша] |
| Первые сведения об ответственности | Управление по делам искусств Исполкома Ленгорсовета, Ленинградский государственный театр кукол |
| 210 ## - ПУБЛИКАЦИЯ, РАСПРОСТРАНЕНИЕ И ДР. | |
| Место издания, распространения и т.д. | [Ленинград] |
| Имя издателя, распространителя и т. д. | ЛТ УН-9 |
| Дата издания, распространения и т.д. | 1944 |
| 215 ## - ФИЗИЧЕСКАЯ ХАРАКТЕРИСТИКА | |
| Специфическое обозначение материала и объем | 1 л. |
| Другие сведения о физической характеристике | цв. ил. |
| Размеры | 41х58 |
| 300 ## - ОБЩИЕ ПРИМЕЧАНИЯ | |
| Текст примечания | Начало спектаклей: в 4 ч., в воскресенье в 11 ч., 3. ч. 30 м. и в 6 ч. веч. Билеты продаются в кассе театра, ежедн. кроме понедельн. с 12 до 2 и с 3 до 6 ч. Принимаются заявки на коллективное посещение театра |
| 300 ## - ОБЩИЕ ПРИМЕЧАНИЯ | |
| Текст примечания | Зак. 3066 |
| 325 ## - ПРИМЕЧАНИЕ О КОПИИ | |
| Текст примечания | Копия доступна в Электрон. б-ке РНБ |
| 327 ## - ПРИМЕЧАНИЯ О СОДЕРЖАНИИ | |
| Текст примечания | 14 Декабря Четверг. По щучьему велению. Автор Тараховская. Композитор Гельфман М.Я. Постановщ. Деммени Е.С. Художник и скульптор Павлович И.П. 15 Декабря Пятница. Илья Муромец. Автор Карнаухова И.В. и Туберовский М.Д. Композитор Пейсин А.Я. Постановщик Шапиро С.Н. Художник Григорьев М.А. 16 Декабря Суббота. Илья Муромец. Автор Карнаухова И.В. и Туберовский М.Д. Композитор Пейсин А.Я. Постановщик Шапиро С.Н. Художник Григорьев М.А. 17 Декабря Воскрес. Шелковая кисточка. Автор Карнаухов И.В. Художн. Григорьев М.А. Постановщик Шапиро С.Н. Скульптор Константиновская Н.Н. Композитор Локшин А.Л. 19 Декабря Вторник. По щучьему велению. Автор Тараховская. Композитор Гельфман М.Я. Постановщ. Деммени Е.С. Художник и скульптор Павлович И.П. 20 Декабря Среда. Шелковая кисточка. Автор Карнаухов И.В. Художн. Григорьев М.А. Постановщик Шапиро С.Н. Скульптор Константиновская Н.Н. Композитор Локшин А.Л. 21 Декабря Четверг. Шелковая кисточка. Автор Карнаухов И.В. Художн. Григорьев М.А. Постановщик Шапиро С.Н. Скульптор Константиновская Н.Н. Композитор Локшин А.Л. |
| 327 1# - ПРИМЕЧАНИЯ О СОДЕРЖАНИИ | |
| Текст примечания | 22 Декабря Пятница. Каштанка. Автор Браусевич. Композитор Дешевов В.М. Постановщик Шапиро С.Н. Художник Рыков А.В. 23 Декабря Суббота. Каштанка. Автор Браусевич. Композитор Дешевов В.М. Постановщик Шапиро С.Н. Художник Рыков А.В. 24 Декабря Воскрес. Каштанка. Автор Браусевич. Композитор Дешевов В.М. Постановщик Шапиро С.Н. Художник Рыков А.В. 26 Декабря Вторник. Каштанка. Автор Браусевич. Композитор Дешевов В.М. Постановщик Шапиро С.Н. Художник Рыков А.В. 27 Декабря Среда. Каштанка. Автор Браусевич. Композитор Дешевов В.М. Постановщик Шапиро С.Н. Художник Рыков А.В. В спектаклях участвуют: Беляков В.Г., Белякова Т.С., Бровман М.Г. [и др.]. Художественный руководитель театра Шапиро С.Н. |
| 606 1# - НАИМЕНОВАНИЕ ТЕМЫ КАК ПРЕДМЕТ | |
| Наименование темы | Театральная жизнь |
| Географический подзаголовок | Ленинград, город |
| Хронологический подзаголовок | 1941 - 1944 |
| Формальный подзаголовок | Афиши |
| Код системы | nlr_sh2 |
| Идентификатор авторитетной/нормативной записи | RU\NLR\AUTH\6601649837 |
| 686 ## - ИНДЕКСЫ ДРУГИХ КЛАССИФИКАЦИЙ | |
| Индекс | Щ333(2Р=Рус)7- 692Ленинград |
| 710 02 - НАИМЕНОВАНИЕ ОРГАНИЗАЦИИ - ПЕРВИЧНАЯ ОТВЕТСТВЕННОСТЬ | |
| Начальный элемент ввода | Ленинградский театр кукол |
| Идентификатор авторитетной/нормативной записи | RU\NLR\AUTH\889922815 |
| 852 ## - МЕСТОНАХОЖДЕНИЕ И ШИФР ХРАНЕНИЯ | |
| Идентификатор организации | NLR |
| Шифр хранения (Call Number) | Л3-330а/27/2/[1944]-декабрь |
| 856 #0 - МЕСТОНАХОЖДЕНИЕ ЭЛЕКТРОННЫХ РЕСУРОВ И ДОСТУП К НИМ | |
| Универсальный идентификатор ресурса (Uniform Resource Identifier) | http://vivaldi.nlr.ru/la700000016/view |
| 856 #1 - МЕСТОНАХОЖДЕНИЕ ЭЛЕКТРОННЫХ РЕСУРОВ И ДОСТУП К НИМ | |
| Универсальный идентификатор ресурса (Uniform Resource Identifier) | http://vivaldi.nlr.ru/la700000016/cover |
| 856 #2 - МЕСТОНАХОЖДЕНИЕ ЭЛЕКТРОННЫХ РЕСУРОВ И ДОСТУП К НИМ | |
| Универсальный идентификатор ресурса (Uniform Resource Identifier) | http://vivaldi.nlr.ru/la700000016/text |
| 942 ## - ДОПОЛНИТЕЛЬНЫЕ ЭЛЕМЕНТЫ ЗАПИСИ (АБИС) | |
| Тип экземпляра АБИС | Визуальный материал |
| 945 ## - Информацию об издании предоставили: | |
| Полное название организации, предоставившей материал | Российская национальная библиотека |
| 980 ## - КОЛЛЕКЦИЯ | |
| Название коллекции | Национальная библиография |
| 980 ## - КОЛЛЕКЦИЯ | |
| Название коллекции | Библиография Победы |
| 980 3# - КОЛЛЕКЦИЯ | |
| Название коллекции | КП2019 Ленинград в Великой Отечественной войне |
| 980 3# - КОЛЛЕКЦИЯ | |
| Название коллекции | Книжные памятники РНБ |
| 981 37 - КОЛЛЕКЦИЯ ЭЛЕКТРОННОЙ БИБЛИОТЕКИ | |
| Название коллекции | Ленинград в Великой Отечественной войне |
| Название подколлекции | Афиши блокадного Ленинграда |
Нет доступных экземпляров.





